[Event "29th Czech Rapid G1 2018"]
[Site "Pardubice CZE"]
[Date "2018.07.19"]
[Round "7.13"]
[White "Sengupta, Deep"]
[Black "Zaitsev, Alexander"]
[Result "1-0"]
[WhiteTitle "GM"]
[BlackTitle "GM"]
[WhiteElo "2565"]
[BlackElo "2499"]
[WhiteFideId "5008352"]
[BlackFideId "4164490"]
[EventDate "2018.07.18"]

1. e4 e6 2. d4 d5 3. Nc3 Bb4 4. e5 Ne7 5. a3 Bxc3+ 6. bxc3 b6 7. Qg4 Ng6 8. h4
h5 9. Qg3 Ba6 10. Bg5 Qd7 11. Bxa6 Nxa6 12. a4 Nb8 13. a5 Nc6 14. axb6 cxb6 15.
Ne2 Nce7 16. Qf3 Nf5 17. g3 Rc8 18. O-O Rc7 19. Rfb1 Nge7 20. Nf4 g6 21. Bf6 Rf8
22. Nh3 Ng8 23. Bg5 Qc6 24. Rb3 Kd7 25. Nf4 Kc8 26. Rba3 a5 27. Rb1 Nge7 28. Nd3
Kd7 29. Bxe7 Kxe7 30. Qf4 Rfc8 31. f3 Kf8 32. g4 Ng7 33. Qh6 Kg8 34. Nf4 Qe8 35.
gxh5 Nxh5 36. Nxh5 gxh5 37. Kh1 1-0

[Event "29th Czech Rapid G1 2018"]
[Site "Pardubice CZE"]
[Date "2018.07.19"]
[Round "7.14"]
[White "Zilka, Stepan"]
[Black "Vusatiuk, Vladimir"]
[Result "1-0"]
[WhiteTitle "GM"]
[BlackTitle "IM"]
[WhiteElo "2517"]
[BlackElo "2321"]
[WhiteFideId "315303"]
[BlackFideId "14118610"]
[EventDate "2018.07.18"]

1. d4 d5 2. c4 e6 3. Nf3 Nf6 4. g3 dxc4 5. Bg2 a6 6. O-O Nc6 7. e3 Bd6 8. Nbd2
O-O 9. Nxc4 Bd7 10. Qe2 Qe7 11. e4 e5 12. dxe5 Bxe5 13. Nfxe5 Nxe5 14. Nxe5 Qxe5
15. Bf4 Qa5 16. Qe1 Qh5 17. Qd1 Bg4 18. Qb3 Be6 19. Qc3 c6 20. f3 Rad8 21. Rf2
Nd7 22. Bc7 Rc8 23. Bd6 Rfd8 24. g4 Qb5 25. a4 Qc4 26. Qxc4 Bxc4 27. e5 Bd5 28.
a5 Nf8 29. f4 Bxg2 30. Kxg2 Ne6 31. Rd1 h6 32. Kf3 g6 33. f5 Nc7 34. Ke4 Nd5 35.
Rd3 g5 36. Rb3 Rd7 37. h4 Re8 38. Kd4 f6 39. hxg5 hxg5 40. Rh2 fxe5+ 41. Kc5 Nf6
42. Re2 Red8 43. Bxe5 Rd5+ 44. Kc4 Nxg4 45. Bc3 Rb5 46. Rxb5 cxb5+ 47. Kc5 Kf7
48. Kb6 Rd7 49. Rd2 Re7 50. Rd6 Ne3 51. Rf6+ Ke8 52. Rg6 Nxf5 53. Rg8+ Kd7 54.
Kxb7 Nd6+ 55. Kxa6 Kc6 56. Bb4 Re2 57. Rg6 Re8 58. Rg8 1-0

[Event "29th Czech Rapid G1 2018"]
[Site "Pardubice CZE"]
[Date "2018.07.19"]
[Round "7.15"]
[White "Sadhwani, Raunak"]
[Black "Neuman, Petr"]
[Result "1/2-1/2"]
[WhiteTitle "FM"]
[BlackTitle "GM"]
[WhiteElo "2409"]
[BlackElo "2440"]
[WhiteFideId "35093487"]
[BlackFideId "305243"]
[EventDate "2018.07.18"]

1. e4 d6 2. d4 Nf6 3. Nc3 e5 4. dxe5 dxe5 5. Qxd8+ Kxd8 6. Bg5 c6 7. O-O-O+ Ke8
8. f4 Be7 9. Nf3 Ng4 10. Bxe7 Kxe7 11. Nxe5 Nxe5 12. fxe5 Be6 13. Be2 Nd7 14.
Kd2 Nxe5 15. Ke3 Rad8 16. b3 Rxd1 17. Rxd1 h5 18. Na4 b6 19. Nb2 h4 20. Nd3 f6
21. Nxe5 fxe5 22. a3 a5 23. c4 c5 24. a4 Rf8 25. Rf1 Rd8 26. Rd1 Rd4 27. Rf1 Rd8
28. Rd1 Rh8 29. Rf1 Rh6 30. Bf3 g5 31. Be2 g4 32. Bd3 Rh8 33. Be2 Rd8 34. Rd1
Rg8 35. Rf1 g3 36. h3 Rd8 37. Rd1 Rd4 38. Rf1 Rd8 39. Rd1 Rxd1 1/2-1/2

[Event "29th Czech Rapid G1 2018"]
[Site "Pardubice CZE"]
[Date "2018.07.19"]
[Round "7.20"]
[White "Kathmale, Sameer"]
[Black "Shyam, Sundar M."]
[Result "1-0"]
[WhiteTitle "IM"]
[BlackTitle "GM"]
[WhiteElo "2323"]
[BlackElo "2527"]
[WhiteFideId "5024498"]
[BlackFideId "5019141"]
[EventDate "2018.07.18"]

1. e4 c5 2. c3 d5 3. exd5 Qxd5 4. d4 g6 5. Nf3 Bg7 6. Nbd2 cxd4 7. Bc4 Qd8 8.
Nxd4 Nh6 9. N2f3 O-O 10. O-O Nf5 11. Qb3 Nd6 12. Re1 Nc6 13. Nxc6 bxc6 14. Bg5
Bf6 15. Bh6 Bg7 16. Bg5 Bf6 17. Bh6 Nxc4 18. Qxc4 Re8 19. Rad1 Be6 20. Qxc6 Qc8
21. Qxc8 Raxc8 22. Bg5 Bg7 23. Nd4 Bxa2 24. Rxe7 Rxe7 25. Bxe7 h6 26. h3 a6 27.
Ra1 Bc4 28. Nc2 Re8 29. Bc5 Re2 30. Ne3 Bb5 31. Ba3 f5 32. Rd1 f4 33. Nd5 g5 34.
b3 Ra2 35. Bb4 Be2 36. Ne7+ Kf7 37. Rd7 Ke6 38. Rd6+ Kf7 39. Rd7 Ke6 40. Rd6+
Kf7 41. Nf5 a5 42. Bc5 Bf8 43. Nxh6+ Bxh6 44. Rxh6 Rb2 45. Rb6 f3 46. Kh2 Bd1
47. Rb5 Rxb3 48. Rxa5 Rxc3 49. Be3 g4 50. hxg4 fxg2 51. g5 Bc2 52. Kxg2 Rc4 53.
Kg3 Bg6 54. Ra7+ Ke6 55. Ra6+ Kf7 56. f3 Bh5 57. Rf6+ Kg7 58. Bf4 Rc5 59. Re6
Kf7 60. Re3 Rd5 61. Rc3 Rd7 62. Be5 Ke6 63. Kf4 Rd1 64. Rc6+ Kd7 65. Rh6 Bf7 66.
g6 Bb3 67. Kf5 Rg1 68. Kf6 Kc6 69. Rh4 Rf1 70. f4 Rg1 71. f5 Rf1 72. g7 Rg1 73.
Rh3 Ba2 74. Ra3 Bd5 75. Rc3+ Kd7 76. Rd3 Kc6 77. Ke7 Rg5 78. Bf6 Rg2 79. Kf8 Ba2
80. Ra3 Bd5 81. Rc3+ Kb7 82. Be5 Ra2 83. f6 Kb6 84. f7 Ra8+ 85. Ke7 Ra7+ 86.
Bc7+ 1-0

[Event "29th Czech Rapid G1 2018"]
[Site "Pardubice CZE"]
[Date "2018.07.19"]
[Round "7.21"]
[White "Zhuravlev, Stepan"]
[Black "Lalic, Bogdan"]
[Result "0-1"]
[BlackTitle "GM"]
[WhiteElo "2121"]
[BlackElo "2394"]
[WhiteFideId "34120197"]
[BlackFideId "409081"]
[EventDate "2018.07.18"]

1. d4 Nf6 2. c4 e6 3. Nc3 Bb4 4. Qc2 c5 5. dxc5 a6 6. a3 Bxc5 7. Nf3 Qc7 8. Bg5
Be7 9. e4 d6 10. Bd3 Nbd7 11. b4 b6 12. O-O Bb7 13. Rfe1 h6 14. Bh4 O-O 15. Rad1
Rac8 16. Bg3 Nh5 17. Ne2 Nxg3 18. hxg3 Ne5 19. Nxe5 dxe5 20. Qb3 Rfd8 21. Kh2 h5
22. Ng1 h4 23. Nf3 hxg3+ 24. Kxg3 a5 25. Rh1 axb4 26. axb4 Bf6 27. Ra1 Qe7 28.
Rhc1 Bg5 29. Rd1 f5 30. Nxg5 Qxg5+ 31. Kh2 fxe4 32. Bf1 Rd4 33. Re1 b5 34. cxb5
Bd5 35. Qg3 Qf6 36. Rac1 Rf8 37. Rc7 Rxb4 38. Ra1 Rb3 39. Qg4 Qh6+ 40. Kg1 Rf4
41. Rc8+ Kh7 42. Qd1 Rh4 0-1

[Event "29th Czech Rapid G1 2018"]
[Site "Pardubice CZE"]
[Date "2018.07.19"]
[Round "7.22"]
[White "Mozharov, Mikhail"]
[Black "Balint, Vilmos"]
[Result "1-0"]
[WhiteTitle "GM"]
[WhiteElo "2542"]
[BlackElo "2220"]
[WhiteFideId "4189825"]
[BlackFideId "718050"]
[EventDate "2018.07.18"]

1. d4 e6 2. Nf3 Nf6 3. c4 Bb4+ 4. Bd2 c5 5. Bxb4 cxb4 6. g3 b6 7. Qd3 Bb7 8.
Nbd2 d6 9. Bg2 Nbd7 10. O-O O-O 11. e4 e5 12. Nh4 g6 13. Rad1 Qe7 14. Rfe1 Rfd8
15. Nf1 Nf8 16. Ne3 Ne6 17. Nd5 Bxd5 18. exd5 Ng7 19. dxe5 dxe5 20. d6 Qe6 21.
Bxa8 Rxa8 22. d7 Rd8 23. Qd6 Qg4 24. Qxf6 1-0

[Event "29th Czech Rapid G1 2018"]
[Site "Pardubice CZE"]
[Date "2018.07.19"]
[Round "7.23"]
[White "Valenta, Vit"]
[Black "Pulpan, Jakub"]
[Result "1-0"]
[WhiteTitle "FM"]
[BlackTitle "IM"]
[WhiteElo "2039"]
[BlackElo "2386"]
[WhiteFideId "307440"]
[BlackFideId "302759"]
[EventDate "2018.07.18"]

1. Nf3 d5 2. c4 e6 3. e3 Nf6 4. Nc3 Be7 5. b3 O-O 6. g3 c5 7. cxd5 exd5 8. d4
Nc6 9. Bg2 Bg4 10. Ne2 Ne4 11. dxc5 Bf6 12. Rb1 Qa5+ 13. Bd2 Qxa2 14. Rc1 Bxf3
15. Bxf3 Ne5 16. Bxe4 dxe4 17. Kf1 Nd3 18. Rc4 Nb2 19. Rc2 Qxb3 20. Qb1 Qd3 21.
Rxb2 Bxb2 22. Qxb2 b6 23. Bc3 Rfc8 24. Bxg7 f6 25. Bxf6 Rxc5 26. Bh8 Rc7 27. Kg2
Qc2 28. Qe5 Qxe2 29. Qxc7 Qf3+ 30. Kh3 Qh5+ 31. Kg2 Qf3+ 32. Kh3 Qf5+ 33. Kg2
Kxh8 34. Qc3+ Kg8 35. Qc4+ Kg7 36. Qd4+ Kg6 37. Rc1 Rf8 38. Rc6+ Kh5 39. f4
exf3+ 40. Kf2 Qh3 41. g4+ Qxg4 42. Rh6+ Kxh6 43. Qxg4 Rf6 44. h4 Rg6 45. Qf4+
Kg7 46. Qc7+ Kg8 47. Qxa7 Rf6 48. Qe7 Rf7 49. Qd8+ Kg7 50. Qxb6 Rf6 51. Qc5 Kf7
52. Qg5 h6 53. Qd5+ Kg6 54. h5+ Kg7 55. Qd7+ Rf7 56. Qe8 1-0

[Event "29th Czech Rapid G1 2018"]
[Site "Pardubice CZE"]
[Date "2018.07.19"]
[Round "7.24"]
[White "Tsvetkov, Andrey"]
[Black "Shkuran, Danylo"]
[Result "0-1"]
[WhiteTitle "CM"]
[BlackTitle "IM"]
[WhiteElo "2259"]
[BlackElo "2381"]
[WhiteFideId "34139360"]
[BlackFideId "14106248"]
[EventDate "2018.07.18"]

1. d4 Nf6 2. c4 g6 3. Nc3 Bg7 4. e4 d6 5. Nf3 O-O 6. Be2 e5 7. Be3 Nc6 8. d5 Ne7
9. Nd2 Nd7 10. b4 f5 11. f3 c5 12. bxc5 Nxc5 13. Bxc5 dxc5 14. Nb3 fxe4 15. Nxe4
Nf5 16. Nbxc5 Ne3 17. Qb3 Nxg2+ 18. Kd2 Nf4 19. Nd3 Bf5 20. Nxf4 exf4 21. Rad1
Qa5+ 22. Kc2 Bd7 23. Nc3 Bxc3 24. Qxc3 Qxa2+ 25. Qb2 Ba4+ 26. Kc3 Qxb2+ 27. Kxb2
Bxd1 28. Rxd1 b6 29. Bd3 Rad8 30. Be4 Kf7 31. Kc3 Ke7 32. Ra1 Rd7 33. Kd4 Kd6
34. h4 Rc8 35. Rh1 Rdc7 36. Bd3 b5 37. Re1 Rxc4+ 38. Bxc4 Rxc4+ 39. Kd3 a5 40.
Re6+ Kxd5 41. Re7 a4 42. Rb7 Kc5 43. h5 a3 44. hxg6 hxg6 0-1

[Event "29th Czech Rapid G1 2018"]
[Site "Pardubice CZE"]
[Date "2018.07.19"]
[Round "7.25"]
[White "Kolasa, Pjotrs"]
[Black "Piscopo, Pierluigi"]
[Result "1-0"]
[BlackTitle "IM"]
[WhiteElo "2021"]
[BlackElo "2389"]
[WhiteFideId "11604255"]
[BlackFideId "809152"]
[EventDate "2018.07.18"]

1. Nf3 Nf6 2. c4 g6 3. Nc3 Bg7 4. e4 d6 5. d4 O-O 6. h3 c5 7. Be3 cxd4 8. Nxd4
b6 9. g3 Bb7 10. Bg2 Nbd7 11. O-O Qb8 12. a4 Rc8 13. b3 a6 14. Rc1 e6 15. Qc2
Rc7 16. Rfd1 Qf8 17. Qb1 Rac8 18. Nde2 Ne8 19. Kh2 h5 20. Bd4 h4 21. Bxg7 hxg3+
22. fxg3 Qxg7 23. Nf4 Ne5 24. Qc2 Qh6 25. Qe2 Rd8 26. Kg1 Nf6 27. Qf2 Rc6 28.
Nxe6 Nfg4 29. hxg4 fxe6 30. Qf4 g5 31. Qxe5 dxe5 32. Rxd8+ Kg7 33. Rd7+ Kg6 34.
Rxb7 Qf8 35. Rf1 Qc5+ 36. Kh2 Rc8 37. Rbf7 Rh8+ 38. Bh3 1-0

[Event "29th Czech Rapid G1 2018"]
[Site "Pardubice CZE"]
[Date "2018.07.19"]
[Round "7.26"]
[White "Priyanka, Nutakki"]
[Black "Grekh, Andrey"]
[Result "0-1"]
[BlackTitle "IM"]
[WhiteElo "2180"]
[BlackElo "2400"]
[WhiteFideId "25049615"]
[BlackFideId "14112418"]
[EventDate "2018.07.18"]

1. d4 Nf6 2. Bf4 d5 3. e3 c5 4. c3 Nc6 5. Nf3 Qb6 6. Qb3 c4 7. Qc2 Bf5 8. Qc1
Nh5 9. Bg3 Nxg3 10. hxg3 Qc7 11. Nbd2 b5 12. Be2 e6 13. Nh4 Be4 14. Nhf3 f5 15.
Ng5 Qe7 16. Ngf3 Qd7 17. Kf1 Bxf3 18. gxf3 b4 19. f4 g6 20. Nf3 Rb8 21. Kg2 Be7
22. Qc2 a5 23. Qa4 O-O 24. Qc2 Bf6 25. Rh2 Rf7 26. Qd2 bxc3 27. bxc3 Qb7 28.
Rhh1 Qb2 29. Qe1 Rfb7 30. Rh2 a4 31. Rh1 Qa3 32. Ng5 Bxg5 33. fxg5 Qe7 34. f4
Rb2 35. Kf3 Nd8 36. Qd1 Qd7 37. Qg1 Nf7 38. Qh2 Nd6 39. g4 fxg4+ 40. Kxg4 e5+
41. Kf3 exf4 42. exf4 Re8 43. Rae1 Nf5 44. Bxc4 Rxh2 45. Rxe8+ Qxe8 46. Bxd5+
Kg7 0-1

[Event "29th Czech Rapid G1 2018"]
[Site "Pardubice CZE"]
[Date "2018.07.19"]
[Round "7.27"]
[White "Domogaev, Sergey"]
[Black "Chekletsov, Egor"]
[Result "1-0"]
[WhiteTitle "GM"]
[WhiteElo "2414"]
[BlackElo "2123"]
[WhiteFideId "24103608"]
[BlackFideId "24175315"]
[EventDate "2018.07.18"]

1. d4 Nf6 2. Nf3 g6 3. Bg5 Bg7 4. c4 Ne4 5. Bf4 O-O 6. Nc3 Nxc3 7. bxc3 c5 8. e3
d6 9. Be2 Nc6 10. O-O Re8 11. h3 e5 12. Bg5 Bf6 13. Bxf6 Qxf6 14. d5 Ne7 15. e4
Qf4 16. Nd2 f5 17. Re1 fxe4 18. Bf1 Bf5 19. g3 Qh6 20. g4 Bd7 21. Nxe4 Rf8 22.
Nxd6 Qf4 23. Ne4 Kg7 24. Qd2 b6 25. Qxf4 Rxf4 26. Bg2 Raf8 27. Rad1 h5 28. f3 h4
29. Re3 Ng8 30. Rde1 Nf6 31. Nd2 b5 32. Bf1 bxc4 33. Bxc4 Rb8 34. Bb3 a5 35.
Rxe5 a4 36. g5 axb3 37. gxf6+ Kxf6 38. axb3 Bxh3 39. R5e4 g5 40. Kh2 Bf5 41. Re8
Rb7 42. R1e2 g4 43. fxg4 Bxg4 44. Rf8+ Rf7 45. Ne4+ Kg7 46. Rxf7+ Kxf7 47. Re3
Rf3 48. Ng5+ 1-0

[Event "29th Czech Rapid G1 2018"]
[Site "Pardubice CZE"]
[Date "2018.07.19"]
[Round "7.28"]
[White "Nun, Jiri"]
[Black "Sinauridze, Simons"]
[Result "1/2-1/2"]
[WhiteTitle "IM"]
[WhiteElo "2306"]
[BlackElo "2088"]
[WhiteFideId "300179"]
[BlackFideId "11604468"]
[EventDate "2018.07.18"]

1. e4 d5 2. exd5 Nf6 3. d4 Bg4 4. Nf3 Qxd5 5. Be2 e6 6. h3 Bh5 7. O-O Nc6 8. c4
Qd7 9. Be3 Be7 10. Ne5 Bxe2 11. Qxe2 Qd6 12. Nxc6 Qxc6 13. Nc3 O-O 14. Rac1 Rfd8
15. Rfd1 a6 16. a3 b6 17. b4 Rd7 18. Qa2 Rad8 19. Qb3 b5 20. cxb5 axb5 21. d5
exd5 22. Nxd5 Qe6 23. Nxe7+ Qxe7 24. Rxd7 Rxd7 25. Rc5 h6 26. Rxb5 Qe4 27. Rc5
Nd5 28. Qc2 Qh4 29. Qc4 Qh5 30. Qg4 Qxg4 31. hxg4 Nxe3 32. fxe3 Rd3 33. Rxc7
Rxa3 34. Kf2 Rb3 35. Rb7 g6 36. Kf3 Kg7 37. Ke4 Kf6 38. Kf4 Rb2 39. Rb6+ Kg7 40.
Kf3 Rb3 41. g3 Rb2 42. Ke4 Rg2 43. Kf3 Rb2 44. b5 Rb4 45. e4 Rb3+ 46. Kf4 g5+
47. Kf5 Rxg3 48. Rc6 Rf3+ 49. Ke5 h5 50. gxh5 g4 51. h6+ Kh7 52. Kd4 g3 53. Rc1
Kxh6 54. b6 Rb3 55. Kc5 Kg5 56. Kc6 Kf4 57. Re1 g2 58. b7 Kf3 59. Ra1 Kxe4 60.
Ra4+ Ke5 61. Ra5+ Ke4 62. Ra4+ Ke5 63. Ra5+ Ke6 1/2-1/2

[Event "29th Czech Rapid G1 2018"]
[Site "Pardubice CZE"]
[Date "2018.07.19"]
[Round "7.29"]
[White "Turner, Jan"]
[Black "Tarun, V Kanth"]
[Result "1-0"]
[WhiteElo "2348"]
[BlackElo "2086"]
[WhiteFideId "308560"]
[BlackFideId "25012185"]
[EventDate "2018.07.18"]

1. b3 d5 2. Bb2 Bg4 3. Nf3 Bxf3 4. exf3 e6 5. g3 Nf6 6. Bg2 Be7 7. O-O O-O 8. f4
c5 9. c4 Nc6 10. d3 d4 11. Nd2 Qc7 12. Re1 Bd6 13. Nf3 Rfe8 14. Bc1 e5 15. fxe5
Nxe5 16. Nxe5 Bxe5 17. Bd2 Bd6 18. Qf3 b6 19. a3 a5 20. Rab1 Rxe1+ 21. Bxe1 Re8
22. Bd2 Nd7 23. Re1 Rxe1+ 24. Bxe1 Ne5 25. Qe2 Qe7 26. Kf1 h6 27. Bd2 Qf6 28. f4
Qf5 29. Be4 Qf6 30. Kg2 Ng6 31. Qg4 Nf8 32. h4 Qe6 33. Qxe6 fxe6 34. g4 Kf7 35.
h5 e5 36. fxe5 Bxe5 37. g5 hxg5 38. Bxg5 Ne6 39. Bd5 Bf6 40. Bf4 Bd8 41. Be5 Bf6
42. Bc7 Ke7 43. Bxe6 Kxe6 44. Bxb6 a4 45. bxa4 Kd6 46. a5 Kc6 47. Kf3 Bg5 48.
Ke4 Bc1 49. Bd8 Bxa3 50. Bf6 1-0

[Event "29th Czech Rapid G1 2018"]
[Site "Pardubice CZE"]
[Date "2018.07.19"]
[Round "7.30"]
[White "Barak, Gil"]
[Black "Frolov, Artur"]
[Result "1-0"]
[BlackTitle "IM"]
[WhiteElo "1993"]
[BlackElo "2393"]
[WhiteFideId "2812690"]
[BlackFideId "14100134"]
[EventDate "2018.07.18"]

1. e4 c5 2. Nf3 Nc6 3. d4 cxd4 4. Nxd4 e6 5. Nb5 d6 6. Bf4 e5 7. Be3 Be7 8. N1c3
a6 9. Na3 b5 10. Nd5 Rb8 11. c4 b4 12. Nc2 Nf6 13. Bd3 O-O 14. O-O Nd7 15. f3
Nc5 16. b3 Bg5 17. Qd2 Bxe3+ 18. Qxe3 a5 19. Rfd1 Ne7 20. f4 Nxd5 21. cxd5 f6
22. f5 Bd7 23. Rac1 Qb6 24. Kh1 Rfc8 25. Ne1 Rc7 26. Bc4 Rbc8 27. Nd3 Qb7 28. h3
Na4 29. bxa4 Rxc4 30. Rxc4 Rxc4 31. Rc1 Rxc1+ 32. Nxc1 Bxa4 33. Nb3 Bxb3 34.
Qxb3 Qb5 35. Qc2 h6 36. Qc6 Qb8 37. Qd7 h5 38. Qe6+ Kf8 39. Qd7 h4 40. Kh2 Kg8
41. Qe6+ Kh7 42. Qd7 b3 43. axb3 Qxb3 44. Qe8 Qg3+ 45. Kh1 Qg5 46. Qc6 Qg3 47.
Qe8 Qg5 48. Qc6 Qf4 49. Qe8 Qh6 50. Qc6 Qh5 51. Qxd6 a4 52. Qb4 Qd1+ 53. Kh2 Qb3
54. Qe7 a3 55. Qe8 Qg3+ 1-0

[Event "29th Czech Rapid G1 2018"]
[Site "Pardubice CZE"]
[Date "2018.07.19"]
[Round "7.31"]
[White "Jun, Rudolf Jr."]
[Black "Sarkar, Justin"]
[Result "0-1"]
[BlackTitle "IM"]
[WhiteElo "1931"]
[BlackElo "2307"]
[WhiteFideId "376612"]
[BlackFideId "2010011"]
[EventDate "2018.07.18"]

1. e4 e5 2. Nf3 Nc6 3. Nc3 Nf6 4. d4 exd4 5. Nd5 Nb4 6. Nxd4 Nxe4 7. Nf5 g6 8.
Nfe3 Bc5 9. Bc4 O-O 10. O-O Nxd5 11. Nxd5 c6 12. Bh6 Nxf2 13. Rxf2 Bxf2+ 14. Kh1
cxd5 15. Qxd5 d6 16. Bg5 Be6 17. Qd2 Qb6 18. Bf6 Qe3 19. Qb4 Qf4 20. Qc3 Bxc4
21. Rd1 Rac8 22. Bh8 f6 0-1

[Event "29th Czech Rapid G1 2018"]
[Site "Pardubice CZE"]
[Date "2018.07.19"]
[Round "7.32"]
[White "Matviishen, Viktor"]
[Black "Buchcar, Tomas"]
[Result "1-0"]
[WhiteTitle "IM"]
[WhiteElo "2423"]
[BlackElo "2133"]
[WhiteFideId "14129850"]
[BlackFideId "328421"]
[EventDate "2018.07.18"]

1. e4 c5 2. Nf3 e6 3. b3 b6 4. Bb2 Bb7 5. Nc3 a6 6. Qe2 d6 7. g4 Qc7 8. h4 Nc6
9. O-O-O b5 10. d4 cxd4 11. Nxd4 b4 12. Na4 Nf6 13. Bg2 Rc8 14. g5 Nd7 15. h5
Be7 16. g6 Nxd4 17. gxf7+ Kxf7 18. Rxd4 a5 19. f4 Bf6 20. Rc4 Qb8 21. Rxc8 Rxc8
22. Rd1 Qc7 23. Bh3 Qc6 24. e5 dxe5 25. f5 Nf8 26. fxe6+ Nxe6 27. Kb1 Rc7 28.
Bf5 Qf3 29. Qxf3 Bxf3 30. Rd6 Nd4 31. Bxh7 Nb5 32. Bg6+ Ke7 33. Rb6 Nd4 34. a3
Rb7 35. Ra6 Nc6 36. Nc5 Rc7 37. Ne4 Bh4 38. Ra8 Ke6 39. Rf8 Bd1 40. Rf1 Be2 41.
Bf5+ 1-0

[Event "29th Czech Rapid G1 2018"]
[Site "Pardubice CZE"]
[Date "2018.07.19"]
[Round "7.33"]
[White "Burdalev, Kirill"]
[Black "Tarakanov, Oleg"]
[Result "1-0"]
[WhiteTitle "FM"]
[WhiteElo "2377"]
[BlackElo "2123"]
[WhiteFideId "14121913"]
[BlackFideId "4500610"]
[EventDate "2018.07.18"]

1. d4 d5 2. Bf4 Bf5 3. e3 c6 4. c4 e6 5. Nc3 Nf6 6. Qb3 Qb6 7. c5 Qxb3 8. axb3
Be7 9. b4 O-O 10. h3 Nbd7 11. Nf3 Rfc8 12. b5 Ne8 13. bxc6 bxc6 14. Ba6 Rd8 15.
Bb7 f6 16. Bxc6 a6 17. Bxa8 Rxa8 18. b4 Bd3 19. Kd2 Bc4 20. b5 1-0

[Event "29th Czech Rapid G1 2018"]
[Site "Pardubice CZE"]
[Date "2018.07.19"]
[Round "7.34"]
[White "Dolezal, Radoslav1"]
[Black "Zlatin, Alexander"]
[Result "1-0"]
[WhiteTitle "IM"]
[WhiteElo "2368"]
[BlackElo "2200"]
[WhiteFideId "304735"]
[BlackFideId "2810549"]
[EventDate "2018.07.18"]

1. e4 e5 2. Nf3 Nc6 3. Bb5 a6 4. Bxc6 dxc6 5. O-O Qf6 6. d4 exd4 7. Qxd4 Qxd4 8.
Nxd4 Bd7 9. Be3 O-O-O 10. Nc3 f6 11. Rfd1 c5 12. Nde2 b6 13. Bf4 Ne7 14. h4 Rg8
15. Bg3 g5 16. a4 Bg4 17. Rxd8+ Kxd8 18. Kf1 Bh6 19. hxg5 fxg5 20. Be5 Bg7 21.
Rd1+ Kc8 22. Bxg7 Rxg7 23. Nd5 Nxd5 24. Rxd5 Be6 25. Rd1 a5 26. f3 h5 27. Kf2 h4
28. Nc3 Rf7 29. Rh1 h3 30. Kg3 hxg2 31. Rg1 c6 32. Rxg2 Rf8 33. Rh2 Rf7 34. Rh6
Kd7 35. Rg6 Bc4 36. Rxg5 Rh7 37. Kg2 Rf7 38. Kf2 Rh7 39. f4 Rh2+ 40. Rg2 Rxg2+
41. Kxg2 b5 42. b3 Bf7 43. axb5 cxb5 44. Nxb5 Kc6 45. c4 a4 46. bxa4 Bxc4 47.
Nc3 Bf7 48. Kf3 c4 49. Ke3 Kc5 50. f5 Kb4 51. Kd4 1-0

[Event "29th Czech Rapid G1 2018"]
[Site "Pardubice CZE"]
[Date "2018.07.19"]
[Round "7.35"]
[White "Maltsevskaya, Aleksandra"]
[Black "Fedotov, Konstantin"]
[Result "1-0"]
[WhiteElo "2261"]
[BlackElo "2017"]
[WhiteFideId "24174041"]
[BlackFideId "4145895"]
[EventDate "2018.07.18"]

1. c4 Nf6 2. Nf3 c5 3. g3 g6 4. Bg2 Bg7 5. O-O Nc6 6. Nc3 d6 7. a3 Bg4 8. d3 Rb8
9. Rb1 a6 10. b4 cxb4 11. axb4 Bxf3 12. Bxf3 Nd4 13. Bg2 Nd7 14. e3 Nc6 15. d4
O-O 16. Ba3 Nb6 17. Qe2 Rc8 18. c5 Na8 19. b5 Na5 20. bxa6 bxa6 21. Ne4 d5 22.
Nd2 Nc7 23. Rb6 Qd7 24. Rc1 Nc6 25. Nb3 Ra8 26. Bb2 a5 27. Ba3 a4 28. Nd2 Rfd8
29. Nb1 Na5 30. Nd2 e5 31. dxe5 Bxe5 32. Rd1 Rab8 33. Rdb1 Rxb6 34. cxb6 Ne6 35.
Qa6 Bc3 36. Qd3 Bxd2 37. Qxd2 Nb3 38. Qb4 Qc6 39. e4 Qc2 40. Re1 Nec5 41. Rf1
dxe4 42. Qb5 Qd3 43. Qc6 Qd6 44. Bxe4 Qxc6 45. Bxc6 Rd6 46. b7 Rd8 47. Re1 Ne6
48. Be7 Nbd4 49. Bxd8 Nxc6 50. Bf6 a3 51. Rc1 Ned4 1-0

[Event "29th Czech Rapid G1 2018"]
[Site "Pardubice CZE"]
[Date "2018.07.19"]
[Round "7.36"]
[White "Mosesov, Danylo"]
[Black "Rosko, Lubos"]
[Result "1-0"]
[WhiteTitle "FM"]
[BlackTitle "FM"]
[WhiteElo "2282"]
[BlackElo "2279"]
[WhiteFideId "14149494"]
[BlackFideId "321192"]
[EventDate "2018.07.18"]

1. e4 c5 2. d4 cxd4 3. c3 d3 4. c4 Nc6 5. Bxd3 g6 6. Nf3 Bg7 7. O-O d6 8. Nc3
Nf6 9. h3 O-O 10. Be3 Nd7 11. Rc1 Nc5 12. Bb1 a5 13. b3 Bd7 14. Nd5 Nb4 15. Nxb4
axb4 16. e5 Ra6 17. Qd2 Bc6 18. exd6 Bxf3 19. Bxc5 Bc3 20. dxe7 Bxd2 21. exf8=Q+
Qxf8 22. Bxf8 Bxc1 23. Rxc1 1-0

[Event "29th Czech Rapid G1 2018"]
[Site "Pardubice CZE"]
[Date "2018.07.19"]
[Round "7.37"]
[White "Kulkarni, Chinmay"]
[Black "Vinklarek, Ondrej"]
[Result "1-0"]
[WhiteElo "2336"]
[BlackElo "2071"]
[WhiteFideId "5023513"]
[BlackFideId "318370"]
[EventDate "2018.07.18"]

1. e4 c6 2. d4 d5 3. Nd2 dxe4 4. Nxe4 Bf5 5. Ng3 Bg6 6. Nh3 e6 7. Nf4 Bd6 8. c3
Nf6 9. h4 Qc7 10. Qf3 Nbd7 11. h5 Bc2 12. h6 g6 13. Bd3 Bxd3 14. Nxd3 O-O-O 15.
Bg5 Be7 16. O-O Rhf8 17. Rfe1 Nd5 18. Ne4 f5 19. Bxe7 fxe4 20. Bxd8 Qxd8 21.
Qxe4 Qg5 22. Qxe6 Qxh6 23. Nc5 Rd8 24. Nxd7 Rxd7 25. Qg4 a6 26. Re8+ Kc7 27.
Qg3+ Kb6 28. Rae1 Rf7 29. c4 Nf4 30. c5+ Ka7 31. R8e7 Rxe7 32. Rxe7 Nd5 33. Rf7
Qc1+ 34. Kh2 Qxb2 35. Qb3 Qxb3 36. axb3 h5 37. Rg7 Nf4 38. g3 Ne2 39. d5 cxd5
40. c6 Kb8 41. Rxb7+ Kc8 42. Ra7 Nd4 43. Rxa6 Nxb3 44. Ra8+ Kc7 45. Rg8 d4 46.
Kg2 Kxc6 47. Rxg6+ Kd5 48. Rg5+ Kc4 49. Rxh5 d3 50. Kf3 Kc3 51. g4 d2 52. Rd5
Kc2 53. g5 d1=Q+ 54. Rxd1 Kxd1 55. g6 Nd4+ 56. Ke4 Ne6 57. Ke5 Ng7 58. f4 Ke2
59. f5 Kf3 60. f6 1-0